Statistics for Cars by Picture

Click here to take the quiz!

General Stats

  • This quiz has been taken 29,447 times
  • The average score is 12 of 18

Answer Stats

Answer% Correct
Lamborghini
90%
Ferarri
88%
Volkswagen Beetle
87%
Tesla
85%
Ford Mustang
84%
Hummer
81%
Rolls-Royce
78%
Smart
76%
Chevy Corvette
75%
DeLorean
71%
Land Rover
70%
Toyota Prius
70%
Aston Martin
68%
Model T
65%
Fiat 500
49%
PT Cruiser
42%
El Camino
31%
Ford Thunderbird
28%

Score Distribution

Percentile by Number Answered

Percent of People with Each Score

Your Score History

You have not taken this quiz